| 000 | 01325nam a2200337Ia 4500 | ||
|---|---|---|---|
| 003 | GCL | ||
| 008 | 140319s9999 xx 000 0 ara d | ||
| 020 | _a0187110977 | ||
| 040 |
_aGCL / _cGCL |
||
| 082 | 0 | 4 |
_a371.35 _bف م |
| 100 | 1 | _aفهيم مصطفى | |
| 245 | 1 | 0 |
_aمدرسة المستقبل ومجالات التعليم عن بعد : _bاستخدام الانترنت فى المدارس والجامعات وتعليم الكبار / _cفهيم مصطفى |
| 250 | _aالاولى | ||
| 260 |
_aالقاهرة : _bدار الفكر العربى ، _c2005 |
||
| 300 |
_a392 ص ؛ _c24 سم |
||
| 650 | 0 | 4 | _aتعليم الكبار |
| 650 | 0 | 4 | _aالتعليم - مناهج |
| 650 | 0 | 4 | _aالتعليم - وسائل سمعية و بصرية |
| 650 | 0 | 4 | _aالتليفزيون التعليمى |
| 650 | 0 | 4 | _aالمدارس - تنظيم وادارة |
| 650 | 0 | 4 | _aالتعليم بالراديو |
| 650 | 0 | 4 | _aالتعليم بالتليفزيون |
| 650 | 0 | 4 | _aالمدارس - مناهج |
| 650 | 0 | 4 | _aالطلبة - تدريب |
| 650 | 0 | 4 | _aالتعليم بالحاسبات الالكترونية |
| 650 | 0 | 4 | _aالتعليم عن بعد |
| 650 | 0 | 4 | _aالمدارس - تطوير |
| 650 | 0 | 4 | _aالتعليم بالانترنت |
| 650 | 0 | 4 | _aالمناهج - تطوير |
| 942 |
_2ddc _cBK |
||
| 999 |
_c9626 _d9626 |
||